00431nam a2200109Ia 4500008004100000050002400041100002200065245010500087260008600192300002100278521002200299140724s9999 xx 000 0 und d aLC 4813b.M251 2009 aMaling, Elaine Z. aEffects of sensory integration theraphy in the learning of children with autism /cElaine Z. Maling. aLas Piñas, Philippines :bSouthville International School and Colleges,cc2009. a103 p. :c28 cm. aSpecial Education